LEADER 01749nam a2200349 u 4500 001 000000010785 003 CaOOAMICUS 005 20070226105345.0 008 940711s1984 gw u000 u ger u 020 $a3110097036 035 $a10268059 040 $aEFR$bita 100 1 $aBrennecke, Hanns Christof.$0(OLS)http://pul/name/10538 245 10$aHilarius von Poitiers und die Bischofsopposition gegen Konstantius II. :$bUntersuchungen zur dritten Phase des Arianischen Streites (337-361) /$cvon Hanns Christof Brennecke. 260 $aBerlin ;$aNew York :$bWalter de Gruyter,$c1984. 300 $axx, 400 p. ;$c24 cm 490 1 $aPatristische Texte und Studien ;$v26 500 $aIndex: p. [392]-400. 502 $aThèse--Universite de Tubingen. Faculté de théologie, 1980. 504 $aBibliographie: p. [372]-391. 600 04$aHilarius,$cs., vesc. di Poitiers,$dc. 315-367.$0(OLS)http://pul/subject/7864 650 4$aArianesimo$xStoria.$0(OLS)http://pul/subject/3298 710 2 $aUniversität Tübingen.$0(OLS)http://pul/name/2439 830 0$aPatristische Texte und Studien,$x0553-4003 ;$v26.$0(OLS)http://pul/title/1164 850 $aPUL 852 $aPUL$W1$xSL Religione 1$y3$m21 N 26$j15293$nBK-PRI$b $qStampati$B15293$CPULBib$Z2$F15293 $H $81 941 1 $a8 960 $aIlario di Poitiers, $cs.,$dc. 315-367$97864 961 $aINV: 53095 996 $6020$a3110097036$9(OLS)http://pul/number/13836 996 $6245$aHilarius von Poitiers und die Bischofsopposition gegen Konstantius II. :$bUntersuchungen zur dritten Phase des Arianischen Streites (337-361)$9(OLS)http://pul/title/15719 996 $6260$aBerlin ;$aNew York :$bWalter de Gruyter$9(OLS)http://pul/publisher/48355 LEADER 01536nam a2200349 u 4500 001 000000034469 003 CaOOAMICUS 005 20150825113032.0 008 971218s1991 it u000 u ita u 020 $a8839907025 035 $a10779124 040 $aMSA$bita 100 1 $aMancini, Roberto,$d1958-$0(OLS)http://pul/name/26538 245 10$aComunicazione come ecumene :$bil significato antropologico e teologico dell'etica comunicativa /$cRoberto Mancini. 260 $aBrescia :$bQueriniana,$c1991. 300 $a152 p.$c20 cm 490 1 $aGiornale di teologia ;$v202 504 $aContiene riferimenti bibliografici. 650 4$aComunicazione.$0(OLS)http://pul/subject/4540 650 4$aEtica cristiana.$0(OLS)http://pul/subject/1395 830 0$aGiornale di teologia ;$v202.$0(OLS)http://pul/title/9027 850 $aPUL 852 $aPUL$W1$xSL Religione 3$y85$m200 GDT 1.202$j47214$nBK-PRI$qDDC 21 $B47214$CPULBib$Z2$F47214 $Hnull $82 852 $aPUL$W1$xDP1 Fondo S. Lanza$y121$m3 M 24.202$j168020$qFondi$B168575$CPULBib$Z2$F168575 $HLAN410 $82 941 1 $a9 941 1 $a1 961 $aINV: 66237 961 $aNota ms. di possesso: Sergio Lanza 983 0$aGdT. 996 $6020$a8839907025$9(OLS)http://pul/number/43236 996 $6245$aComunicazione come ecumene :$bil significato antropologico e teologico dell'etica comunicativa$9(OLS)http://pul/title/47435 996 $6260$aBrescia :$bQueriniana$9(OLS)http://pul/publisher/47906